000 00627cam a2200217 4500500
005 20260329005303.0
041 _afre
042 _adc
100 1 0 _aLarmagnac-Matheron, Octave
_eauthor
245 0 0 _a“Trilemme énergétique”
260 _c2023.
500 _a43
690 _aCrise
690 _aÉnergie
690 _ainnovation
690 _aPierre Charbonnier
690 _aRessources
690 _aTechnique
786 0 _nPhilosophie magazine | 168 | 4 | 2023-04-01 | p. 6-6 | 1951-1787
856 4 1 _uhttps://shs.cairn.info/magazine-philosophie-magazine-2023-4-page-6?lang=fr&redirect-ssocas=7080
999 _c1841993
_d1841993